Представление документа в формате MARC21

Поле Инд. ПП Название Значение
Тип записи a
Библиографический уровень b
001 Контрольный номер RU/IS/BASE/479314281
005 Дата корректировки 20200522191724.3
008 Кодируемые данные 20150310
040 b Код языка каталог. rus
e Правила каталог. PSBO
041 0_ a Код языка текста rus
084 a Индекс другой классификации/Индекс ББК 60.8
100 1_ a Автор Торопушина Е. Е.
q Полное имя Торопушина Екатерина Евгеньевна
245 a Заглавие Муниципальная социальная политика в сфере охраны здоровья: зарубежный опыт Северных территорий
504 a Библиография Лит. - Примеч.
520 a Аннотация Рассмотрен зарубежный опыт реализации политики в сфере охраны здоровья населения северных стран. Определено, что политика в сфере охраны здоровья на местном уровне должна основываться и на улучшении состояния здравоохранения, и на совокупности всех мер, направленных на улучшение здоровья населения. Муниципальная политика в сфере охраны здоровья должна быть направлена на решение проблем местных сообществ и учитывать местные особенности. Она должна формироваться и реализовываться в тесной взаимосвязи с региональной и федеральной политикой в этой сфере, а также при активном участии различных организаций государственного и частного секторов экономики, общественных организаций, жителей муниципального образования.
650 a Основная рубрика социальное управление
653 a Ключевые слова государственная политика
a Ключевые слова государственное управление
a Ключевые слова Дания
a Ключевые слова здравоохранение
a Ключевые слова Канада
a Ключевые слова качество жизни
a Ключевые слова муниципальная политика
a Ключевые слова Норвегия
a Ключевые слова общественное здоровье
a Ключевые слова охрана здоровья
a Ключевые слова потенциал здоровья
a Ключевые слова региональная политика
a Ключевые слова социальная политика
a Ключевые слова социальная справедливость
a Ключевые слова США
a Ключевые слова управление здравоохранением
a Ключевые слова Финляндия
a Ключевые слова частно-государственное партнерство
a Ключевые слова Швеция
773 t Заглавие источника Вопросы государственного и муниципального управления
d Дата издания источника 2013
g Прочая информация № 2. - С. 171 - 180
w Контрольный № источника RU/IS/BASE/427907371
901 t Тип документа b